LEADER 00934nam a2200217 i 4500 001 000000256355 003 CaOOAMICUS 005 20171123000000.0 008 171123s1792 it u000 u ita u 013 $a235263 026 $at-in a.n- lali inpu (3) 1792 (A) 040 $aSeMil$bita 245 10$aTomo 2. 300 $a300 p. 500 $aSegn.: [A]-M12 N6. - Lascito Card. C.M. Martini. 773 0 $tCompendio della storia ecclesiastica contenente cio', che nella chiesa č avvenuto di pił importante dalla nascita di G. C. sino al regnante sommo pontefice Pio 6. Opera composta da una societą di letterati tradotta dal francese, ... Tomo 1. [-4.].$dTorino : Presso Francesco Prato, 1792$g2$w()4207 850 $aSeMil 852 $aSeMil$W1$xVenegono$y1$m2G I 80 FA$j206701$B206701$CSeMilBibl$Z2$F220123 $8I 941 1 $a4 961 $aLascito: Martini Card. Carlo Maria 996 $6245$aTomo 2$9(OLS)http://semarc/title/49331 LEADER 01623nam a2200277 i 4500 001 000000087580 003 CaOOAMICUS 005 20230302153130.0 008 140213s1905 it u000 u ita u 040 $aSeMil$bita 100 1 $aPolidori, Eugenio,$c.$0(OLS)http://semarc/name/22763 245 13$aLa nuova apologia del cristianesimo contro gli ultimi avversari :$bLoisy, Harnack, Tolstoj ed altri /$cP. Eugenio Polidori. 264 1$aRoma :$bLa Civiltą Cattolica,$c1905. 300 $a285 p. ;$c22 cm. 500 $aIn mezzo al front : Estratto dalla «Civiltą Cattolica». - Rilegato con: 2L I 79/2 500 $aContiene: Il cristianesimo di Alfredo Loisy ; Il cristianesimo vero del Vangelo ; Il cristianesimo di Adolfo Harnack ; Il cristianesimo di Leone Tolstoj ; I Razionalisti : metodi ed errori 650 4$aRazionalismo.$0(OLS)http://semarc/subject/4341 650 4$aTolstoj, Lev Nikoląevi? <1828-1910> - Pensiero religioso.$0(OLS)http://semarc/subject/52491 650 4$aLoisy, Alfred <1857-1940> - Pensiero religioso.$0(OLS)http://semarc/subject/52845 650 4$aHarnack, Adolf : von <1851-1930> - Pensiero religioso.$0(OLS)http://semarc/subject/52846 850 $aSeMil 852 $aSeMil$W1$xVenegono$y1$m2L I 79/1$j51040$B51040$CSeMilBibl$Z2$F55179 $81 961 $aCon firma autografa di don Adolfo Biffi 996 $6245$aLa nuova apologia del cristianesimo contro gli ultimi avversari :$bLoisy, Harnack, Tolstoj ed altri$9(OLS)http://semarc/title/133617 996 $6264$aRoma :$bLa Civiltą Cattolica$9(OLS)http://semarc/publisher/29890